| 000 | 01075nam a22003258a 4500 | ||
|---|---|---|---|
| 001 | 016199418 | ||
| 003 | OSt | ||
| 005 | 20240818092945.0 | ||
| 008 | 121025t2014 at a fr 001 0 eng d | ||
| 020 | _a1133953999 (paperback) | ||
| 020 | _a9781133953999 (paperback) | ||
| 040 | _aEG-ScBUE | ||
| 082 | 0 | 0 |
_a530 _223 _bSER |
| 100 | 1 |
_aSerway, Raymond A. _94341 |
|
| 245 | 1 | 0 |
_aPhysics for scientists and engineers with modern physics / _cRaymond A. Serway, John W. Jewett. |
| 250 |
_a9th ed., _binternational ed. |
||
| 260 |
_a[Canberra] : _bBrooks / Cole, _bCengage Learning, _cc.2014. |
||
| 300 |
_a[Various pagings] : _bill. (col.) ; _c25 cm. |
||
| 500 | _aPrevious ed. : 2010. | ||
| 500 | _aIncludes index. | ||
| 500 | _aIncludes appendixes. | ||
| 650 | 0 |
_aPhysics _94340 _2BUEsh |
|
| 651 | _2BUEsh | ||
| 653 |
_bENGELC _cSeptember2013 _cDecember2014 |
||
| 700 | 1 |
_aJewett, John William, _d1928- _933738 |
|
| 942 |
_2ddc _cBB _k530 SER _hRDA-MOD |
||
| 999 |
_c17548 _d17520 |
||
| 336 |
_2rdacontent _atext _btxt |
||
| 337 |
_aunmediated _2rdamedia _bn |
||
| 338 |
_avolume _bnc _2rdacarrier |
||